000 01166nam a2200289Ia 4500
001 H9297
003 IT-RoPAU
008 130308s9999 xx 000 0 und d
040 _aIT-RoPAU
040 _cIT-RoPAU
041 _aITALIANO
100 _aPallucchini Rodolfo
100 _gCodice Aut. SPICS: 2937
245 _aCarpaccio - le storie di Sant'Orsola
245 _bCarpaccio - le Storie di Sant'Orsola
250 _a1a ed.
260 _aMILANO
260 _bMartello Aldo
260 _c1958 [1° Ed.:1958 - Ed.Ling.Originale:1958]
300 _a"74 p. (prefazione: no ; testo: 74 [pagine: 0-0])"
500 _aNella Serie dei Teleri di Sant'Orsola Carpaccio si presenta Come un Artista Nuovo. con Il Ciclo di Sant'Orsola Egli si Affaccia Alla Ribalta della scena Artistica veneziana con Autorità Arricchendo di Nuovi Valori quella Tradizione. V'E' in Lui un Senso di Novellistica Sceneggiata con Brio e con Sottigliettza Psicologica che Lo Isola Dagli Altri pittori Contemporanei. 9 tavole Eslpicative a Colori.
650 _aAUTORI/OPERE DI PITTURA
650 _eCodice materia Spics: 5207
942 _cBK
957 _71
999 _c91178
_d91178
999 _g1